La vie littéraire au Canada francais

Guardat en:
Dades bibliogràfiques
Autor principal: Ménard, Jean
Format: Llibre
Idioma:French
Publicat: Ottawa, Canadá Editions de L´Université d´Ottawa 1973
Matèries:
Etiquetes: Afegir etiqueta
Sense etiquetes, Sigues el primer a etiquetar aquest registre!

MARC

LEADER 00000nam a2200000Ia 4500
008 170316s9999 xx 000 0 fre d
040 |a cru BVZT 
090 |a 818 M-15v 
100 |a Ménard, Jean 
245 |a La vie littéraire au Canada francais 
260 |a Ottawa, Canadá 
260 |b Editions de L´Université d´Ottawa 
260 |c 1973 
300 |a 255 páginas 
650 |a LITERATURA CANADIENSE 
999 |c 6553  |d 6553 
942 |c 15 D  |h 818 M-15v  |2 z